Practica de los exercicios espirituales de S. Ignacio de Loyola, fundador de la compañía de Jesús (Record no. 8505)
[ view plain ]
| 000 -CABECERA | |
|---|---|
| campo de control de longitud fija | 01045nam a2200229 a 4500 |
| 001 - NÚMERO DE CONTROL | |
| campo de control | BRCA_8854 |
| 005 - FECHA Y HORA DE LA ÚLTIMA TRANSACCIÓN | |
| campo de control | 20190320210433.0 |
| 008 - DATOS DE LONGITUD FIJA--INFORMACIÓN GENERAL | |
| campo de control de longitud fija | 160517s1797----sp-#######---#000-0#spa-# |
| 041 ## - CÓDIGO DE LENGUA | |
| Código de lengua del texto/banda sonora o título independiente | spa |
| 044 ## - CÓDIGO DEL PAÍS DE LA ENTIDAD EDITORA/PRODUCTORA | |
| Código MARC del país | sp |
| 084 ## - OTRO NÚMERO DE CLASIFICACIÓN | |
| Número de clasificación | BE237 |
| Número de documento/Ítem | .T67 1797 |
| 100 1# - ENTRADA PRINCIPAL--NOMBRE DE PERSONA | |
| Nombre de persona | Torrubia, Pedro Thomas |
| 9 (RLIN) | 22050 |
| 245 10 - MENCIÓN DE TÍTULO | |
| Título | Practica de los exercicios espirituales de S. Ignacio de Loyola, fundador de la compañía de Jesús |
| Resto del título | parte primera: contiene las meditaciones, oraciones vocales, lecciones, exámenes, & c. con método aplicable á exercicios, así públicos como privados |
| Mención de responsabilidad, etc. | por el P. Pedro Thomas Torrubia de la Compañía de Jesús. |
| 260 ## - PUBLICACIÓN, DISTRIBUCIÓN, ETC. | |
| Lugar de publicación, distribución, etc. | Alcala |
| Nombre del editor, distribuidor, etc. | En la Imprenta y Librería de D. Isidro Lopez |
| Fecha de publicación, distribución, etc. | 1797 |
| 300 ## - DESCRIPCIÓN FÍSICA | |
| Extensión | 598 p. (t.1) |
| Dimensiones | 15.4 x 10.5 cm |
| 500 ## - NOTA GENERAL | |
| Nota general | Con las licencias necesarias |
| 500 ## - NOTA GENERAL | |
| Nota general | Estado físico: presenta encuadernación en pergamino, con lomo semi desprendido y con anotación en canto de frente |
| 650 14 - PUNTO DE ACCESO ADICIONAL DE MATERIA--TÉRMINO DE MATERIA | |
| Término de materia o nombre geográfico como elemento de entrada | Ejercicios espirituales |
| 9 (RLIN) | 21257 |
| 700 1# - PUNTO DE ACCESO ADICIONAL--NOMBRE DE PERSONA | |
| Nombre de persona | López, Isidro |
| Término indicativo de función/relación | Impresor |
| 9 (RLIN) | 22051 |
| 902 ## - CATALOGADOR | |
| Iniciales | CFM |
| 942 ## - ELEMENTOS DE PUNTO DE ACCESO ADICIONAL (KOHA) | |
| Fuente del sistema de clasificación o colocación | Library of Congress Classification |
| Tipo de ítem Koha | Libros |
| Estado de retiro | Estado de pérdida | Estado dañado | No para préstamo | Localización permanente | Ubicación/localización actual | Fecha de adquisición | Total de préstamos | Signatura topográfica completa | Código de barras | Fecha visto por última vez | Precio válido a partir de | Tipo de ítem Koha |
|---|---|---|---|---|---|---|---|---|---|---|---|---|
| El ejemplar forma parte de la colección y puede ser consultado según las políticas vigentes. | Biblioteca del Museo Franz Mayer (Rogerio Casas-Alatriste) | Biblioteca del Museo Franz Mayer (Rogerio Casas-Alatriste) | 16/05/2017 | BE237 .T67 1797 | CFM00182 | 22/03/2019 | 22/03/2019 | Libros |